header

The maritime dimension of international security (Record no. 150401)

MARC details
000 -LEADER
fixed length control field 01726nam a2200385 a 4500
082 04 - DEWEY DECIMAL CLASSIFICATION NUMBER
Classification number 359/.030973
100 1# - MAIN ENTRY--AUTHOR NAME
Personal name Chalk, Peter.
245 14 - TITLE STATEMENT
Title The maritime dimension of international security
260 ## - PUBLICATION, DISTRIBUTION, ETC. (IMPRINT)
Place of publication Santa Monica, CA :
Name of publisher RAND,
Year of publication 2008.
300 ## - PHYSICAL DESCRIPTION
Number of Pages xx, 59 p. :
Other physical details ill.
500 ## - GENERAL NOTE
General note "The research presented here was sponsored within RAND's Project AirForce (PAF) Strategy and Doctrine Program, as part of a wider effort exploring new concepts for joint U.S. air-naval operations"--Pref.
650 #0 - SUBJECT ADDED ENTRY--TOPICAL TERM
Topical Term Merchant marine
Topical Term Security, International.
Topical Term Shipping
Topical Term Maritime terrorism
Topical Term Terrorism
Topical Term Piracy
Topical Term Unified operations (Military science)
856 40 - ELECTRONIC LOCATION AND ACCESS
Uniform Resource Identifier http://site.ebrary.com/lib/rucke/Doc?id=10246316

No items available.

© 2026 Rongo University
Contact us: librarian | system librarian | Rongo university